[Event "Titled Tuesday intern op 01st Mar Early"]
[Site "Chess.com INT"]
[Date "2022.03.01"]
[Round "6"]
[White "Alavkin, Arseny Nailievich"]
[Black "Bilan, Danila"]
[Result "1-0"]
[WhiteElo "2373"]
[BlackElo "2303"]
[PlyCount "133"]
[EventDate "2022.03.01"]
[EventType "swiss (blitz)"]
[EventRounds "11"]
[EventCountry "USA"]
[SourceTitle "CBM 207 Extra"]
[Source "ChessBase"]
[SourceDate "2022.05.31"]
[SourceVersion "1"]
[SourceVersionDate "2022.05.31"]
[SourceQuality "1"]

1. d4 d5 2. c4 c6 3. cxd5 cxd5 4. Bg5 Nc6 5. Nc3 Nf6 6. Bxf6 gxf6 7. e3 e6 8. Bd3 Bd6 9. Nf3 f5 10. 0-0 Bd7 11. Rc1 Rc8 12. a3 0-0 13. Nd2 Qf6 14. f4 Ne7 15. Nf3 Ng6 16. h3 Kh8 17. g4 Bb8 18. Rc2 Nh4 19. g5 Nxf3+ 20. Qxf3 Qg7 21. h4 Rc7 22. Rg2 Rfc8 23. h5 a6 24. Kh1 b5 25. Rfg1 Rc6 26. Rh2 Bd6 27. Ne2 Be7 28. Rg3 Bf8 29. Kg2 R6c7 30. Kf2 a5 31. Rg1 Rb8 32. g6 fxg6 33. hxg6 h6 34. Ng3 Kg8 35. Nh5 Qe7 36. g7 Rbc8 37. gxf8Q+ Kxf8 38. Qg3 Qf7 39. Qg7+ Qxg7 40. Rxg7 Be8 41. Rxc7 Rxc7 42. Nf6 Bf7 43. Nh5 b4 44. axb4 axb4 45. Ng3 Rc1 46. Rh1 Rc7 47. Ra1 Be8 48. Ne2 Ke7 49. Ra6 Bd7 50. Rb6 h5 51. Rxb4 Rc8 52. Rb7 Kd6 53. Rb6+ Kc7 54. Ra6 Rg8 55. Ra7+ Kd6 56. Ng1 h4 57. Bf1 Rb8 58. Ra2 Rg8 59. Nf3 Rg4 60. Ne5 Rg3 61. Ra6+ Kc7 62. Ra7+ Kb6 63. Rxd7 Rg8 64. Rd6+ Ka5 65. Rxe6 Kb4 66. Rd6 Rd8 67. Rxd8 1-0

[Event "Titled Tuesday intern op 01st Mar Early"]
[Site "Chess.com INT"]
[Date "2022.03.01"]
[Round "7"]
[White "Alavkin, Arseny Nailievich"]
[Black "Kalajzic, Ivan"]
[Result "1-0"]
[WhiteElo "2373"]
[BlackElo "2108"]
[PlyCount "73"]
[EventDate "2022.03.01"]
[EventType "swiss (blitz)"]
[EventRounds "11"]
[EventCountry "USA"]
[SourceTitle "CBM 207 Extra"]
[Source "ChessBase"]
[SourceDate "2022.05.31"]
[SourceVersion "1"]
[SourceVersionDate "2022.05.31"]
[SourceQuality "1"]

1. d4 Nc6 2. c4 e5 3. d5 Nce7 4. g3 Nf6 5. Bg2 d6 6. Nc3 g6 7. e4 Bg7 8. Nge2 0-0 9. 0-0 Ne8 10. Be3 f5 11. f4 fxe4 12. Nxe4 Nf5 13. Bf2 exf4 14. Nxf4 Bxb2 15. Rb1 Be5 16. Ne6 Bxe6 17. dxe6 Nf6 18. Rxb7 Nxe4 19. Bxe4 Qe7 20. Bd5 Rab8 21. Rxb8 Rxb8 22. Qa4 Rb2 23. Qxa7 Rxf2 24. Rxf2 Bd4 25. Qb8+ Kg7 26. Kg2 Bxf2 27. Kxf2 Nd4 28. Kg2 Nxe6 29. a4 Nd4 30. Qb2 c5 31. a5 Qe3 32. a6 Kh6 33. a7 Ne2 34. a8Q Qg1+ 35. Kf3 Nd4+ 36. Kg4 Qd1+ 37. Bf3 1-0

[Event "Titled Tuesday intern op 01st Mar Early"]
[Site "Chess.com INT"]
[Date "2022.03.01"]
[Round "8"]
[White "Demchenko, Anton"]
[Black "Alavkin, Arseny Nailievich"]
[Result "1/2-1/2"]
[WhiteElo "2654"]
[BlackElo "2373"]
[PlyCount "118"]
[EventDate "2022.03.01"]
[EventType "swiss (blitz)"]
[EventRounds "11"]
[EventCountry "USA"]
[SourceTitle "CBM 207 Extra"]
[Source "ChessBase"]
[SourceDate "2022.05.31"]
[SourceVersion "1"]
[SourceVersionDate "2022.05.31"]
[SourceQuality "1"]

1. e4 e6 2. d4 d5 3. Nd2 Be7 4. Ngf3 Nf6 5. e5 Nfd7 6. c3 c5 7. Be2 Nc6 8. 0-0 a5 9. a4 0-0 10. Re1 f6 11. exf6 Nxf6 12. Bb5 cxd4 13. cxd4 Bb4 14. Re2 Bd7 15. Nf1 Ne4 16. Ng3 Nxg3 17. hxg3 Qf6 18. Bg5 Qf7 19. Bf4 Rac8 20. Qd3 Qf5 21. Qxf5 Rxf5 22. Rc1 h6 23. Bd2 Rxf3 24. Bxb4 Nxd4 25. Ree1 Rxc1 26. Rxc1 Rb3 27. Bc3 Nxb5 28. axb5 Rxb5 29. Be5 Bc6 30. Ra1 b6 31. Bd4 Rb4 32. Be5 Kf7 33. f3 a4 34. Kf2 Rc4 35. Ke3 b5 36. g4 b4 37. Rd1 Rc2 38. Rd2 Rc4 39. Rd4 Bb5 40. Rxc4 Bxc4 41. Bd6 b3 42. Kd4 Bf1 43. g3 Be2 44. Ke3 Bd1 45. Ba3 g6 46. Kf4 Kg7 47. g5 h5 48. Ke3 Kf7 49. f4 Ke8 50. Kd4 Bg4 51. Ke5 Kd7 52. Kd4 Kc6 53. Bf8 Kb5 54. Be7 Bf5 55. Bf8 Kc6 56. Be7 Kb5 57. Ba3 Kb6 58. Bf8 Kc6 59. Be7 Kb5 1/2-1/2

[Event "Titled Tuesday intern op 01st Mar Early"]
[Site "Chess.com INT"]
[Date "2022.03.01"]
[Round "5"]
[White "Oparin, Grigoriy"]
[Black "Alavkin, Arseny Nailievich"]
[Result "1-0"]
[WhiteElo "2681"]
[BlackElo "2373"]
[PlyCount "73"]
[EventDate "2022.03.01"]
[EventType "swiss (blitz)"]
[EventRounds "11"]
[EventCountry "USA"]
[SourceTitle "CBM 207 Extra"]
[Source "ChessBase"]
[SourceDate "2022.05.31"]
[SourceVersion "1"]
[SourceVersionDate "2022.05.31"]
[SourceQuality "1"]

1. d4 Nf6 2. c4 g6 3. Nf3 Bg7 4. g3 0-0 5. Bg2 d6 6. 0-0 Nc6 7. Nc3 Bf5 8. d5 Na5 9. b3 Ne4 10. Nxe4 Bxa1 11. Nh4 Bxe4 12. Bxe4 Bg7 13. Bd2 b6 14. Nf3 Nb7 15. h4 Nc5 16. Bc2 h5 17. Ng5 f6 18. Bxg6 fxg5 19. hxg5 Nd7 20. f4 Ne5 21. Bxh5 Qd7 22. Kg2 Qf5 23. Qb1 Qxb1 24. Rxb1 Nd7 25. Bg4 Rfd8 26. e4 Nc5 27. Kf3 a5 28. Be3 Rab8 29. Rh1 b5 30. Bxc5 dxc5 31. Be6+ Kf8 32. Kg4 bxc4 33. bxc4 Bd4 34. Rh7 Rd6 35. e5 Rxe6 36. dxe6 Rb2 37. Kf5 1-0

[Event "Titled Tuesday intern op 08th Feb Early"]
[Site "Chess.com INT"]
[Date "2022.02.08"]
[Round "7"]
[White "Alavkin, Arseny Nailievich"]
[Black "Visakh, Narayanan Rajeswari"]
[Result "0-1"]
[WhiteElo "2373"]
[BlackElo "2522"]
[PlyCount "52"]
[EventDate "2022.02.08"]
[EventType "swiss (blitz)"]
[EventRounds "11"]
[EventCountry "USA"]
[SourceTitle "CBM 206 Extra"]
[Source "ChessBase"]
[SourceDate "2022.03.31"]
[SourceVersion "1"]
[SourceVersionDate "2022.03.31"]
[SourceQuality "1"]

1. d4 Nf6 2. c4 c5 3. d5 e6 4. Nc3 exd5 5. cxd5 d6 6. Nf3 g6 7. h3 Bg7 8. Bf4 0-0 9. e3 Re8 10. Nd2 Nbd7 11. Bxd6 Nb6 12. Bxc5 Nfxd5 13. Nxd5 Nxd5 14. Ba3 Nxe3 15. fxe3 Qh4+ 16. Ke2 Bh6 17. Qb3 Bxe3 18. Qxe3 Bf5 19. Bc5 Rxe3+ 20. Bxe3 Re8 21. g4 Qg3 22. gxf5 Rxe3+ 23. Kd1 Re1+ 24. Kc2 Rxa1 25. fxg6 Qxg6+ 26. Bd3 Qc6+ 0-1

[Event "Titled Tuesday intern op 11th Jan"]
[Site "Chess.com INT"]
[Date "2022.01.11"]
[Round "9"]
[White "Alavkin, Arseny Nailievich"]
[Black "Zelbel, Patrick"]
[Result "1-0"]
[WhiteElo "2373"]
[BlackElo "2467"]
[PlyCount "137"]
[EventDate "2022.01.11"]
[EventType "swiss (blitz)"]
[EventRounds "11"]
[EventCountry "USA"]
[SourceTitle "CBM 206 Extra"]
[Source "ChessBase"]
[SourceDate "2022.03.31"]
[SourceVersion "1"]
[SourceVersionDate "2022.03.31"]
[SourceQuality "1"]

1. c4 e5 2. Nc3 Bb4 3. Nf3 d6 4. a3 Bxc3 5. bxc3 f5 6. d3 Nf6 7. g3 0-0 8. Bg2 Qe8 9. 0-0 Nc6 10. Rb1 h6 11. Ne1 g5 12. Nc2 f4 13. Nb4 Ne7 14. Nd5 Nexd5 15. cxd5 Qh5 16. e4 f3 17. Bxf3 Bg4 18. Bxg4 Nxg4 19. h4 gxh4 20. Rb2 hxg3 21. fxg3 Rxf1+ 22. Qxf1 Rf8 23. Qg2 Nh2 24. Rf2 Nf3+ 25. Kf1 Rf7 26. Be3 b6 27. c4 a5 28. a4 Nh2+ 29. Kg1 Nf3+ 30. Kf1 Kf8 31. Bxh6+ Ke8 32. Be3 Nh2+ 33. Kg1 Nf3+ 34. Kf1 Kd7 35. g4 Qg6 36. Rxf3 Rg7 37. Rf5 Rh7 38. Rh5 Rxh5 39. gxh5 Qxh5 40. Qe2 Qh1+ 41. Kf2 Qh2+ 42. Ke1 Qh1+ 43. Qf1 Qh4+ 44. Kd2 Qh2+ 45. Qf2 Qh5 46. Qf5+ Qxf5 47. exf5 Ke7 48. Bg5+ Kf7 49. Ke3 Kg7 50. Ke4 Kf7 51. Bd8 Ke8 52. c5 Kd7 53. Bxc7 Kxc7 54. cxb6+ Kxb6 55. f6 Kc5 56. f7 Kb4 57. f8Q Kxa4 58. Qxd6 Kb3 59. Qxe5 a4 60. Qb8+ Ka2 61. Qa7 a3 62. d6 Kb2 63. d7 Kb1 64. d8Q a2 65. Qdb6+ Ka1 66. Qd4+ Kb1 67. Qab6+ Kc1 68. Qbb2+ Kd1 69. Qg1# 1-0

[Event "Titled Tuesday intern op 11th Jan"]
[Site "Chess.com INT"]
[Date "2022.01.11"]
[Round "5"]
[White "Samadov, Read"]
[Black "Alavkin, Arseny Nailievich"]
[Result "1-0"]
[WhiteElo "2375"]
[BlackElo "2373"]
[PlyCount "51"]
[EventDate "2022.01.11"]
[EventType "swiss (blitz)"]
[EventRounds "11"]
[EventCountry "USA"]
[SourceTitle "CBM 206 Extra"]
[Source "ChessBase"]
[SourceDate "2022.03.31"]
[SourceVersion "1"]
[SourceVersionDate "2022.03.31"]
[SourceQuality "1"]

1. d4 Nf6 2. c4 e6 3. Nf3 d5 4. g3 dxc4 5. Bg2 Bb4+ 6. Bd2 c5 7. 0-0 0-0 8. dxc5 Bxc5 9. Qc2 a6 10. Qxc4 Nbd7 11. Nc3 b5 12. Qh4 Bb7 13. Rad1 Qb6 14. Bg5 Rad8 15. a3 h6 16. Bxh6 gxh6 17. Qxh6 Be7 18. Qg5+ Kh8 19. Qh4+ Kg7 20. Qg5+ Kh7 21. Rd4 Bxf3 22. Rh4+ Bh5 23. Be4+ Kh8 24. Rxh5+ Nxh5 25. Qh6+ Kg8 26. Qh7# 1-0

[Event "Titled Tuesday intern op 28th Dec"]
[Site "Chess.com INT"]
[Date "2021.12.28"]
[Round "8"]
[White "Mestnikov, Aisen"]
[Black "Alavkin, Arseny Nailievich"]
[Result "0-1"]
[WhiteElo "2096"]
[BlackElo "2373"]
[PlyCount "64"]
[EventDate "2021.12.28"]
[EventType "swiss (blitz)"]
[EventRounds "11"]
[EventCountry "USA"]
[SourceTitle "CBM 206 Extra"]
[Source "ChessBase"]
[SourceDate "2022.03.31"]
[SourceVersion "1"]
[SourceVersionDate "2022.03.31"]
[SourceQuality "1"]

1. d4 Nf6 2. c4 e6 3. Nf3 d5 4. g3 dxc4 5. Bg2 Bb4+ 6. Bd2 c5 7. 0-0 0-0 8. Bf4 Nc6 9. dxc5 Bxc5 10. Qc2 b5 11. Rd1 Qe7 12. Ne5 Nb4 13. Qc1 Nbd5 14. Nc3 b4 15. Nxd5 exd5 16. Nxc4 Ba6 17. Ne3 Rac8 18. Qd2 Rfd8 19. Rac1 Ne4 20. Nxd5 Nxd2 21. Nxe7+ Bxe7 22. Rxc8 Rxc8 23. Bxd2 Rc2 24. Bf3 Rxb2 25. Be3 h6 26. Rd7 Bf6 27. Rxa7 Rxa2 28. Bb7 Ra1+ 29. Kg2 Bxe2 30. Rxa1 Bxa1 31. Bd5 Bd1 32. Kf1 b3 0-1

[Event "Titled Tuesday intern op 28th Dec"]
[Site "Chess.com INT"]
[Date "2021.12.28"]
[Round "2"]
[White "Popadic, Dragan"]
[Black "Alavkin, Arseny Nailievich"]
[Result "0-1"]
[WhiteElo "2143"]
[BlackElo "2373"]
[PlyCount "110"]
[EventDate "2021.12.28"]
[EventType "swiss (blitz)"]
[EventRounds "11"]
[EventCountry "USA"]
[SourceTitle "CBM 206 Extra"]
[Source "ChessBase"]
[SourceDate "2022.03.31"]
[SourceVersion "1"]
[SourceVersionDate "2022.03.31"]
[SourceQuality "1"]

1. e4 c5 2. Nc3 Nc6 3. f4 g6 4. Nf3 Bg7 5. Bc4 e6 6. f5 gxf5 7. d3 Nge7 8. 0-0 Na5 9. Bb3 Nxb3 10. axb3 d6 11. Qe1 Rg8 12. Qh4 Ng6 13. Qh5 h6 14. exf5 exf5 15. Re1+ Ne5 16. Bf4 Be6 17. Nxe5 Bxe5 18. Bxe5 dxe5 19. Rxe5 Qd4+ 20. Kf1 Qxe5 21. Re1 Qd4 22. Rxe6+ Kf8 23. Qxh6+ Qg7 24. Qxg7+ Kxg7 25. Re5 b6 26. Rxf5 Rae8 27. Ne4 Re6 28. g4 Rd8 29. h3 Rd4 30. Kf2 a5 31. Kf3 a4 32. bxa4 Rxa4 33. Ke3 Ra2 34. Kd2 Rxb2 35. Rf1 Rb4 36. Kc3 Rd4 37. h4 Rc6 38. h5 b5 39. g5 b4+ 40. Kb2 c4 41. Rf3 b3 42. c3 Rxd3 43. Rxd3 cxd3 44. Kxb3 Re6 45. Nd2 Re2 46. Nc4 Rg2 47. g6 f5 48. Ne3 Rf2 49. c4 f4 50. Ng4 Re2 51. Kc3 d2 52. Kc2 f3 53. Kd1 f2 54. Nxf2 Rxf2 55. c5 Rf6 0-1

[Event "Titled Tuesday intern op 28th Dec"]
[Site "Chess.com INT"]
[Date "2021.12.28"]
[Round "5"]
[White "Zierk, Steven C"]
[Black "Alavkin, Arseny Nailievich"]
[Result "1/2-1/2"]
[WhiteElo "2488"]
[BlackElo "2373"]
[PlyCount "129"]
[EventDate "2021.12.28"]
[EventType "swiss (blitz)"]
[EventRounds "11"]
[EventCountry "USA"]
[SourceTitle "CBM 206 Extra"]
[Source "ChessBase"]
[SourceDate "2022.03.31"]
[SourceVersion "1"]
[SourceVersionDate "2022.03.31"]
[SourceQuality "1"]

1. b3 e5 2. Bb2 Nc6 3. c4 Nf6 4. e3 d5 5. cxd5 Nxd5 6. a3 Be6 7. Qc2 Qd7 8. Nf3 f6 9. b4 a6 10. b5 axb5 11. Bxb5 Ra5 12. Bxc6 Qxc6 13. Qxc6+ bxc6 14. d4 e4 15. Nfd2 f5 16. 0-0 Bd6 17. Nb3 Ra4 18. N1d2 Kf7 19. Rfc1 Rb8 20. Rxc6 Ne7 21. Rc3 Nd5 22. Rcc1 Ne7 23. Rc3 Nd5 24. Rc6 Nxe3 25. fxe3 Bxb3 26. g4 Bd5 27. Rc2 f4 28. exf4 e3 29. Nf1 Bxf4 30. Re1 Be4 31. Rce2 Bd3 32. Rg2 e2 33. Rgxe2 Bxe2 34. Rxe2 Rb3 35. Rf2 g5 36. Ng3 Ra6 37. Ne4 Rab6 38. Nxg5+ Kg6 39. Rxf4 Kxg5 40. Bc1 Rb1 41. Rf1+ Kxg4 42. Kg2 Ra1 43. h3+ Kh5 44. Rf5+ Kg6 45. Rg5+ Kf6 46. Bf4 Ra2+ 47. Kf3 Rb3+ 48. Ke4 Rxh3 49. Rc5 Re2+ 50. Kd5 Rh5+ 51. Kc6 Rxc5+ 52. dxc5 Ra2 53. Bxc7 Rxa3 54. Kd7 Ra7 55. c6 h5 56. Kd6 Ra6 57. Bd8+ Kf7 58. Kd7 Ra2 59. c7 Rd2+ 60. Kc6 Rc2+ 61. Kb7 Rb2+ 62. Ka7 Rc2 63. Kb7 Rxc7+ 64. Kxc7 h4 65. Bxh4 1/2-1/2

[Event "Titled Tuesday intern op 23rd Nov"]
[Site "Chess.com INT"]
[Date "2021.11.23"]
[Round "10"]
[White "Durarbayli, Vasif"]
[Black "Alavkin, Arseny Nailievich"]
[Result "1-0"]
[WhiteElo "2629"]
[BlackElo "2373"]
[PlyCount "93"]
[EventDate "2021.11.23"]
[EventType "swiss (blitz)"]
[EventRounds "11"]
[EventCountry "USA"]
[SourceTitle "CBM 205 Extra"]
[Source "ChessBase"]
[SourceDate "2022.01.31"]
[SourceVersion "1"]
[SourceVersionDate "2022.01.31"]
[SourceQuality "1"]

1. e4 c5 2. b3 e6 3. Nf3 Nc6 4. Bb2 d5 5. Bb5 Bd7 6. exd5 exd5 7. 0-0 Qb6 8. Re1+ Nge7 9. Nc3 0-0-0 10. a4 f6 11. a5 Nxa5 12. Bxd7+ Rxd7 13. d4 c4 14. Na4 Qb5 15. Nc5 Rd6 16. Qd2 Nac6 17. Qf4 Ng6 18. Re8+ Kc7 19. Qg4 f5 20. Qxf5 Nce7 21. Qg4 Qxe8 22. Rxa7 Rb6 23. Qg3+ Kc6 24. h4 Nc8 25. Ra8 Bd6 26. Qg4 h5 27. Qg5 Rf8 28. Rxc8+ Qxc8 29. Qxg6 Kb5 30. bxc4+ dxc4 31. Qxh5 Bxc5 32. dxc5 Rh6 33. Qg5 Qf5 34. Qxg7 Qxf3 35. gxf3 Rhh8 36. Qxb7+ Kxc5 37. Ba3+ Kd4 38. Bxf8 Rxf8 39. Qe4+ Kc3 40. Kf1 Rd8 41. h5 Rd1+ 42. Kg2 Rd2 43. h6 Rd7 44. h7 Rd8 45. Qe5+ Kxc2 46. h8Q Rxh8 47. Qxh8 1-0

[Event "Titled Tuesday intern op 23rd Nov"]
[Site "Chess.com INT"]
[Date "2021.11.23"]
[Round "8"]
[White "Omariev, Maksim"]
[Black "Alavkin, Arseny Nailievich"]
[Result "0-1"]
[WhiteElo "2304"]
[BlackElo "2373"]
[PlyCount "158"]
[EventDate "2021.11.23"]
[EventType "swiss (blitz)"]
[EventRounds "11"]
[EventCountry "USA"]
[SourceTitle "CBM 205 Extra"]
[Source "ChessBase"]
[SourceDate "2022.01.31"]
[SourceVersion "1"]
[SourceVersionDate "2022.01.31"]
[SourceQuality "1"]

1. g4 d5 2. Bg2 c6 3. h3 e5 4. d4 Nd7 5. dxe5 Nxe5 6. Bf4 Bd6 7. Qd4 Qe7 8. Nd2 Nf6 9. Ngf3 Nxf3+ 10. Nxf3 Bc5 11. Qe5 Ne4 12. 0-0 Be6 13. Nd4 Nf6 14. Rad1 0-0 15. Rfe1 Rae8 16. Bg5 Bc8 17. Qf4 Bd6 18. Qf3 Be5 19. Nf5 Bxf5 20. Qxf5 Bxb2 21. e4 h6 22. Bh4 g5 23. Bg3 dxe4 24. f3 Be5 25. Bxe5 Qxe5 26. fxe4 Kg7 27. Rf1 Re6 28. Kh1 Rfe8 29. Rd3 Qxf5 30. exf5 Re2 31. Rc3 R8e3 32. Rxe3 Rxe3 33. Rf2 Ra3 34. Re2 Rxa2 35. Kh2 a5 36. Kg3 a4 37. Bf3 Rb2 38. Re3 Rxc2 39. Ra3 Rc4 40. Be2 Rd4 41. Kf2 b5 42. Ke3 Rb4 43. Bf3 Rb3+ 44. Rxb3 axb3 45. Kd3 c5 46. Kc3 c4 47. Bc6 b4+ 48. Kb2 c3+ 49. Kxb3 Kf8 50. Ba4 Ne4 51. Kxb4 Nf2 52. Bc2 Nxh3 53. Kxc3 Nf2 54. f6 Nxg4 55. Kd4 Nxf6 56. Ke5 Kg7 57. Kf5 Ng8 58. Bb3 f6 59. Kg4 Ne7 60. Be6 Kg6 61. Bd7 h5+ 62. Kg3 f5 63. Be6 h4+ 64. Kh3 Kf6 65. Bd7 Ke5 66. Be8 Kf4 67. Bh5 Nd5 68. Bf7 Ne3 69. Be6 Ng4 70. Bd7 Nf2+ 71. Kg2 Ne4 72. Kh3 Nd2 73. Bc8 Nf3 74. Bd7 g4+ 75. Kg2 h3+ 76. Kf2 g3+ 77. Ke2 g2 78. Bc6 g1Q 79. Bxf3 Qe3+ 0-1

[Event "Titled Tuesday intern op 16th Nov"]
[Site "Chess.com INT"]
[Date "2021.11.16"]
[Round "8"]
[White "Alavkin, Arseny Nailievich"]
[Black "Bernadskiy, Vitaliy"]
[Result "1-0"]
[WhiteElo "2373"]
[BlackElo "2592"]
[PlyCount "91"]
[EventDate "2021.11.16"]
[EventType "swiss (blitz)"]
[EventRounds "11"]
[EventCountry "USA"]
[SourceTitle "CBM 205 Extra"]
[Source "ChessBase"]
[SourceDate "2022.01.31"]
[SourceVersion "1"]
[SourceVersionDate "2022.01.31"]
[SourceQuality "1"]

1. c4 Nf6 2. Nc3 c5 3. g3 g6 4. Bg2 Bg7 5. d3 0-0 6. Rb1 Nc6 7. a3 a5 8. e4 e6 9. Nge2 d5 10. exd5 exd5 11. Nxd5 Nxd5 12. Bxd5 Bg4 13. Be3 Ne7 14. Be4 Nf5 15. Bxc5 Re8 16. 0-0 Rc8 17. b4 axb4 18. axb4 Nd6 19. Bxd6 Qxd6 20. Re1 Bc3 21. Rf1 Bxb4 22. Qc2 b6 23. Nc3 Bc5 24. Nd5 f5 25. Bg2 Re2 26. Qc3 Qe5 27. Qxe5 Rxe5 28. Nxb6 Rd8 29. Nd5 Kh8 30. Rfe1 Rde8 31. Rxe5 Rxe5 32. Bf1 Bf3 33. Nf4 Re8 34. Bg2 Bxg2 35. Kxg2 g5 36. Rb5 Bd4 37. Rd5 Ba7 38. Nh5 Rf8 39. f4 g4 40. c5 h6 41. d4 Kh7 42. Rd7+ Kg6 43. Rxa7 Kxh5 44. d5 Rg8 45. d6 Rg7 46. Rc7 1-0

[Event "Titled Tuesday intern op 16th Nov"]
[Site "Chess.com INT"]
[Date "2021.11.16"]
[Round "5"]
[White "Alavkin, Arseny Nailievich"]
[Black "Gurel, Ediz"]
[Result "1-0"]
[WhiteElo "2373"]
[BlackElo "2393"]
[PlyCount "113"]
[EventDate "2021.11.16"]
[EventType "swiss (blitz)"]
[EventRounds "11"]
[EventCountry "USA"]
[SourceTitle "CBM 205 Extra"]
[Source "ChessBase"]
[SourceDate "2022.01.31"]
[SourceVersion "1"]
[SourceVersionDate "2022.01.31"]
[SourceQuality "1"]

1. c4 e5 2. Nc3 Nc6 3. g3 g6 4. Bg2 Bg7 5. e3 Nge7 6. Nge2 0-0 7. 0-0 d6 8. Rb1 Bf5 9. d3 Qd7 10. Nd5 Nxd5 11. cxd5 Ne7 12. e4 Bh3 13. Be3 Bxg2 14. Kxg2 f6 15. Qb3 f5 16. f3 b6 17. Rbc1 h6 18. Rc2 Kh7 19. Qc4 Rac8 20. Rfc1 c5 21. dxc6 Rxc6 22. Qa4 Rfc8 23. Rxc6 Rxc6 24. Rxc6 Nxc6 25. Nc3 Qb7 26. Nd5 b5 27. Qa3 Bf8 28. Nf6+ Kg7 29. Nd5 a5 30. Qc3 Qa6 31. Nc7 Qb7 32. Ne6+ Kg8 33. Nxf8 Kxf8 34. Bxh6+ Kg8 35. Be3 Kh7 36. Qb3 b4 37. exf5 gxf5 38. Qe6 Qe7 39. Qxf5+ Kg7 40. h4 Qf7 41. Bh6+ Kg8 42. Qc8+ Kh7 43. Qxc6 Kxh6 44. Qxd6+ Kh7 45. b3 a4 46. Qxb4 axb3 47. axb3 Qc7 48. Qc4 Qa7 49. Qe4+ Kh8 50. Qxe5+ Kg8 51. Qg5+ Kh8 52. h5 Qa2+ 53. Kh3 Qxb3 54. Qf5 Qb7 55. h6 Qf7 56. Qe5+ Kh7 57. Qg7+ 1-0

[Event "Titled Tuesday intern op 16th Nov"]
[Site "Chess.com INT"]
[Date "2021.11.16"]
[Round "11"]
[White "Weetik, Vjacheslav"]
[Black "Alavkin, Arseny Nailievich"]
[Result "0-1"]
[WhiteElo "2423"]
[BlackElo "2373"]
[PlyCount "98"]
[EventDate "2021.11.16"]
[EventType "swiss (blitz)"]
[EventRounds "11"]
[EventCountry "USA"]
[SourceTitle "CBM 205 Extra"]
[Source "ChessBase"]
[SourceDate "2022.01.31"]
[SourceVersion "1"]
[SourceVersionDate "2022.01.31"]
[SourceQuality "1"]

1. Nf3 Nf6 2. g3 g6 3. Bg2 Bg7 4. 0-0 0-0 5. d4 d6 6. c4 Nc6 7. Nc3 Bf5 8. Ne1 Qc8 9. e4 Bh3 10. Nc2 Bxg2 11. Kxg2 Nd7 12. Be3 a5 13. Qd2 e5 14. d5 Ne7 15. f3 f5 16. Na3 h5 17. Bg5 Bf6 18. Nab5 Nc5 19. Rae1 Qd7 20. Bxf6 Rxf6 21. f4 c6 22. fxe5 dxe5 23. Qe3 Na6 24. Na3 Raf8 25. exf5 Rxf5 26. Rxf5 Qxf5 27. d6 Nc8 28. Qxe5 Qf3+ 29. Kg1 Nxd6 30. Nc2 Nxc4 31. Qe6+ Qf7 32. Nd4 Qxe6 33. Rxe6 Kg7 34. Ne4 Nc7 35. Re7+ Rf7 36. Rxc7 Rxc7 37. Ne6+ Kf7 38. Nxc7 Nxb2 39. Nd6+ Ke7 40. Nxb7 a4 41. Na6 Ke6 42. Kf2 Kd5 43. Ke3 Kc4 44. Nac5 a3 45. Nb3 Na4 46. N7a5+ Kb5 47. Kd4 c5+ 48. Kd3 Nb2+ 49. Kc2 c4 0-1

[Event "Titled Tuesday intern op 02nd Nov"]
[Site "Chess.com INT"]
[Date "2021.11.02"]
[Round "2"]
[White "Alavkin, Arseny Nailievich"]
[Black "Urazayev, Arystanbek"]
[Result "0-1"]
[WhiteElo "2373"]
[BlackElo "2451"]
[PlyCount "134"]
[EventDate "2021.11.02"]
[EventType "swiss (blitz)"]
[EventRounds "11"]
[EventCountry "USA"]
[SourceTitle "CBM 205 Extra"]
[Source "ChessBase"]
[SourceDate "2022.01.31"]
[SourceVersion "1"]
[SourceVersionDate "2022.01.31"]
[SourceQuality "1"]

1. c4 e6 2. Nc3 d5 3. d4 Nf6 4. cxd5 exd5 5. Bg5 c6 6. e3 Bd6 7. Bd3 0-0 8. Qc2 h6 9. Bh4 Re8 10. Nf3 Be6 11. 0-0 Nbd7 12. Rab1 Qc7 13. b4 Bg4 14. Bg3 Bxg3 15. hxg3 a6 16. a4 Qd6 17. Rfc1 b5 18. a5 Rac8 19. Nd2 h5 20. Ne2 Bxe2 21. Bxe2 g6 22. Bf3 Kg7 23. Qc3 Rh8 24. Nb3 h4 25. gxh4 Rxh4 26. g3 Rh3 27. Kg2 Rch8 28. Rh1 Rxh1 29. Rxh1 Rc8 30. Rh4 Qe6 31. Nc5 Nxc5 32. dxc5 Re8 33. Qd4 g5 34. Rh1 g4 35. Be2 Qe4+ 36. Qxe4 Rxe4 37. Rb1 Re8 38. Bd3 Nd7 39. Rh1 Ne5 40. Bb1 Ng6 41. Rh5 Kf6 42. Rf5+ Ke6 43. Rh5 Ne5 44. Rh6+ Ke7 45. Bf5 Rg8 46. Kf1 Rg5 47. Bc8 Rg8 48. Bxa6 Rb8 49. Rd6 f6 50. Ke2 Kf7 51. Kd1 Ke7 52. Kc2 Kf7 53. Kc3 Ke7 54. e4 dxe4 55. Kd4 Rd8 56. Rxd8 Kxd8 57. Bb7 Kc7 58. a6 Nd3 59. Kxe4 Nxb4 60. Kf4 Nd3+ 61. Kxg4 b4 62. Kf5 b3 63. Bxc6 Kxc6 64. a7 Kb7 65. Ke6 Nxc5+ 66. Kd5 Kxa7 67. Kc4 b2 0-1

[Event "Speed Chess Super Swiss"]
[Site "Chess.com INT"]
[Date "2021.10.16"]
[Round "12"]
[White "Aitbayev, Aslan"]
[Black "Alavkin, Arseny Nailievich"]
[Result "1/2-1/2"]
[WhiteElo "2427"]
[BlackElo "2373"]
[PlyCount "165"]
[EventDate "2021.10.16"]
[EventType "swiss (blitz)"]
[EventRounds "15"]
[EventCountry "USA"]
[SourceTitle "CBM 204 Extra"]
[Source "ChessBase"]
[SourceDate "2021.11.30"]
[SourceVersion "1"]
[SourceVersionDate "2021.11.30"]
[SourceQuality "1"]

1. e4 c5 2. Nf3 Nc6 3. Bb5 e5 4. 0-0 Bd6 5. c3 a6 6. Ba4 b5 7. Bc2 Nge7 8. d4 cxd4 9. cxd4 Nxd4 10. Nxd4 exd4 11. Qxd4 Qc7 12. Nc3 Bxh2+ 13. Kh1 Be5 14. Qd3 Qc4 15. Qxc4 bxc4 16. Na4 Rb8 17. f4 Bd4 18. Rd1 Ba7 19. f5 d5 20. Bf4 Rb4 21. Bd6 Rb7 22. b3 cxb3 23. axb3 f6 24. Nc5 Bxc5 25. Bxc5 Kf7 26. exd5 Bxf5 27. Bxf5 Nxf5 28. b4 Rd8 29. Rxa6 Ng3+ 30. Kh2 Ne4 31. Rc6 Nc3 32. Rd3 Nxd5 33. Rd4 Rdd7 34. Rc4 h5 35. Rc8 g5 36. Rf8+ Kg6 37. Re4 Kf5 38. Re1 h4 39. Bd4 Rxb4 40. Rf1+ Nf4 41. Bxf6 Kg4 42. Be5 Rd5 43. Bxf4 gxf4 44. Rg8+ Rg5 45. Rxg5+ Kxg5 46. Rf3 Kg4 47. Rf2 Rb3 48. Rd2 Re3 49. Rc2 h3 50. Rc8 hxg2 51. Kxg2 Re2+ 52. Kf1 Kf3 53. Rc3+ Re3 54. Rc2 Ra3 55. Rf2+ Kg3 56. Rg2+ Kh3 57. Rg8 Ra2 58. Rg7 Kh4 59. Rg8 Kh5 60. Rg7 Kh6 61. Rg4 Ra4 62. Kf2 Kh5 63. Rg8 Ra3 64. Rf8 Kg4 65. Rg8+ Kf5 66. Rf8+ Ke4 67. Re8+ Kd4 68. Rf8 Ke5 69. Re8+ Kd6 70. Rf8 Ra4 71. Kf3 Ke5 72. Re8+ Kf5 73. Rf8+ Kg5 74. Rg8+ Kf6 75. Rf8+ Ke5 76. Re8+ Kd6 77. Rf8 Ra3+ 78. Kxf4 Ra1 79. Kg5 Ke7 80. Rf3 Rg1+ 81. Kf4 Re1 82. Re3+ Rxe3 83. Kxe3 1/2-1/2